000 01029cab a2200289 4500
001 WB3225-09
008 090401t1996 xxu||||| |||| 00| 0 eng d
035 _a(Sirsi) u39955
041 _aeng
245 _aResidual valuations
260 _c1996
350 _a0
490 _aEstates Gazette
_v(9625) 22 June 1996, 169(1)
520 _aConsiders the case of "Nyckeln Finance Co Ltd v Edward Symmons and Partners" Whilst the judge found the defendants` valuation could not be justified, the bank was guilty of `contributory negligence`.
650 _aCOMMERCIAL LENDER
650 _aCONTRIBUTORY NEGLIGENCE
650 _aEXPERT WITNESS
_96239
650 _aLIABILITY
650 _aNEGLIGENCE
650 _aNYCKELN FINANCE CO LTD V EDWARD SYMMONS AND PARTNERS
650 _aRESIDUAL VALUATIONS
650 _aVALUERS
690 _aPROPERTY-COMMERCIAL PROPERTY-COMMERCIAL PROPERTY APPRAISAL AND VALUATION
690 _aMANAGEMENT-BUSINESS MANAGEMENT-PROFESSIONAL PRACTICE
942 _n0
948 _c04/03/1997
999 _c25580
_d25580